Statistics for Who Starred in that Movie Quiz #4

Click here to take the quiz!

General Stats

  • This quiz has been taken 31,074 times
    (11,052 since last reset)
  • The average score is 12 of 20

Answer Stats

Movies Star % Correct
National Treasure, Leaving Las Vegas, Season of the WitchNicolas Cage
93%
Raging Bull, Taxi Driver, Meet the ParentsRobert De Niro
82%
La La Land, The Amazing Spider-Man, ZombielandEmma Stone
74%
The Rock, Goldfinger, The Hunt for Red OctoberSean Connery
74%
Home Alone, Richie Rich, The Good SonMacaulay Culkin
73%
American Beauty, The Usual Suspects, K-PAXKevin Spacey
73%
Viva Las Vegas, Jailhouse Rock, Blue HawaiiElvis Presley
69%
There Will Be Blood, In the Name of the Father, LincolnDaniel Day-Lewis
68%
Kill Bill: Vol. 1, Charlie's Angels, Kung Fu PandaLucy Liu
64%
High School Musical, 17 Again, HairsprayZac Efron
63%
The Jerk, Cheaper by the Dozen, Dirty Rotten ScoundrelsSteve Martin
61%
The Blues Brothers, Ghost Busters, ConeheadsDan Aykroyd
61%
Pineapple Express, Knocked Up, The Green HornetSeth Rogen
59%
Dreamgirls, Austin Powers in Goldmember, ObsessedBeyoncé Knowles
54%
In Bruges, Alexander, Phone BoothColin Farrell
53%
The Wrestler, Iron Man 2, The ExpendablesMickey Rourke
51%
Capote, The Master, DoubtPhilip Seymour Hoffman
47%
Romeo + Juliet, Shopgirl, Temple GrandinClaire Danes
36%
The Godfather, Crazy Heart, Apocalypse NowRobert Duvall
26%
The Dirty Dozen, Cat Ballou, Paint Your WagonLee Marvin
23%

Score Distribution

Percentile by Number Answered

Percent of People with Each Score

Your Score History

You have not taken this quiz since the last reset